000
00289nam a2200109Ia 4500
008
200302s9999 xx 000 0 und d
100
_a
John Raynes & Other
245
_a
How to Draw the Human Figure A Complete Guide
260
_b
Parragon Book Published
260
_c
2000
300
_a
160 P.,
999
_c
1557
_d
1557